Spon's mechanical and electrical services price book 2004 (Record no. 103027)

MARC details
000 -LEADER
fixed length control field 01380cam a2200325 4500
001 - CONTROL NUMBER
control field L123362
008 - FIXED-LENGTH DATA ELEMENTS--GENERAL INFORMATION
fixed length control field 000000n2004 000 0 eng u
020 ## - INTERNATIONAL STANDARD BOOK NUMBER
International Standard Book Number 0415323681
035 ## - SYSTEM CONTROL NUMBER
System control number (Sirsi) u123362
041 ## - LANGUAGE CODE
Language code of text/sound track or separate title eng
050 ## - LIBRARY OF CONGRESS CALL NUMBER
Classification number 692.5
-- 18
245 ## - TITLE STATEMENT
Title Spon's mechanical and electrical services price book 2004
250 ## - EDITION STATEMENT
Edition statement 35th
260 ## - PUBLICATION, DISTRIBUTION, ETC.
Place of publication, distribution, etc. London
Name of publisher, distributor, etc. Spon
Date of publication, distribution, etc. 2004
300 ## - PHYSICAL DESCRIPTION
Extent xvii, 662p.
Dimensions 26cm.
350 ## - PRICE (NR) (BK AM CF MU VM SE) [OBSOLETE]
Price 115
520 ## - SUMMARY, ETC.
Summary, etc. The latest edition of this standard price book aims to provide industry average prices for mechanical and electrical services, giving a reasonably accurate indication of their likely cost. Part one covers approximate estimating; part two provides material costs/measured work prices for mechanical and electrical installations; part three deals with rates of wages and working rules; and part four covers daywork. Tables and memoranda.
520 ## - SUMMARY, ETC.
Summary, etc. There is a separate CD-Rom (L145080) for reference use in the Library
650 ## - SUBJECT ADDED ENTRY--TOPICAL TERM
Topical term or geographic name entry element BUILT ENVIRONMENT-BUILDING COSTS
650 ## - SUBJECT ADDED ENTRY--TOPICAL TERM
Topical term or geographic name entry element Block management
9 (RLIN) 6220
650 ## - SUBJECT ADDED ENTRY--TOPICAL TERM
Topical term or geographic name entry element ELECTRICAL INSTALLATIONS
650 ## - SUBJECT ADDED ENTRY--TOPICAL TERM
Topical term or geographic name entry element MECHANICAL INSTALLATIONS
650 ## - SUBJECT ADDED ENTRY--TOPICAL TERM
Topical term or geographic name entry element LABOUR COSTS
650 ## - SUBJECT ADDED ENTRY--TOPICAL TERM
Topical term or geographic name entry element BUILDING PRICE BOOKS
650 ## - SUBJECT ADDED ENTRY--TOPICAL TERM
Topical term or geographic name entry element MECHANICAL AND ELECTRICAL SERVICES
650 ## - SUBJECT ADDED ENTRY--TOPICAL TERM
Topical term or geographic name entry element SPONS PRICE BOOKS
690 ## - LOCAL SUBJECT ADDED ENTRY--TOPICAL TERM (OCLC, RLIN)
Topical term or geographic name as entry element BUILT ENVIRONMENT-BUILDING COSTS
710 ## - ADDED ENTRY--CORPORATE NAME
Corporate name or jurisdiction name as entry element Mott Green & Wall
942 ## - ADDED ENTRY ELEMENTS (KOHA)
Suppress in OPAC 0
Holdings
Withdrawn status Lost status Source of classification or shelving scheme Damaged status Not for loan Home library Current library Shelving location Date acquired Cost, normal purchase price Total Checkouts Full call number Barcode Date last seen Copy number Cost, replacement price Price effective from Koha item type
    Dewey Decimal Classification     London London Basement 03/11/2003 97.75   BASEMENT 30067871 06/08/2019 1 97.75 06/08/2019 Reference material